00242nam a2200097Ia 4500001000800000005001700008008004100025020001800066245004200084260001800126128756320260417164418.0260417s9999 xx 000 0 und d a9786255726070 0aSherlock Holmes 6 - Şeytan Ayağı bDokuz Çocuk